Quiz sul Kazakistan - Statistics

Statistiche generali
  • Questo quiz è stato fatto 471 volte
  • Il punteggio medio è 15 su 20
Statistiche sulle risposte
Hint Risposta % Corretto
Paesi che confinano con il Kazakistan Russia
97%
Paesi che confinano con il Kazakistan Uzbekistan
94%
Religione più praticata Islam
93%
Capitale del Kazakistan Nur-Sultan
93%
Paesi che confinano con il Kazakistan Turkmenistan
93%
Paesi che confinano con il Kazakistan Cina
91%
Paesi che confinano con il Kazakistan Kirghizistan
91%
Paese da cui Kazakistan ha ottenuto l'indipendenza nel 1991 Unione Sovietica
90%
Il Kazakistan confina col mare interno più grande del mondo Mar Caspio
89%
Nome della capitale fino al 2019 Astana
88%
Khan che ha conquistato la regione nel 1200 Genghis Khan
85%
Antica via commerciale che passava interamente per il Kazakistan Via della {Seta}
84%
Esportazione più importante Petrolio
75%
Gran parte del Kazakshtan è formato da questo bioma delle praterie eurasiatiche Steppa
67%
Fino a qualche decennio fa era il secondo mare interno più grande del mondo,ormai quasi del tutto evaporato Lago d'Aral
64%
Animale che alcuni credono sia stato il primo addomesticato nella regione Cavallo
57%
Città più popolosa Almaty
54%
Kazako immaginario reso celebre da un famoso film Borat
48%
Festa celebrata il 7 gennaio Natale
40%
La base di lancio di Baikonur, attualmente affittata alla Russia, è il più grande... Spazioporto
26%
Nessun quiz corrispondente trovato
Distribuzione punteggi
Percentuale di utenti per punteggio
Percentile per numero di risposta
I tuoi punteggi nel tempo
Non hai fatto questo quiz